000 00342nam a2200169Ia 4500
100 _aTiwana Amrit Bir
650 _aProjects
490 _v1
942 _cBK
366 _f25
245 _aElectronic Projects-Handbook
260 _bBPB
_c2011
082 _a621.3
_bTIW
300 _a320
546 _aENGLISH
_cPAMPHALETS
999 _c18583
_d18583